000 00543nam a2200181Ia 4500
005 20250423101528.0
008 250422s9999 xx 000 0 und d
020 _a9780871138378
050 _aBX 4705 .M476 .A3/
100 _aMcGirr, Michael
245 0 _aThings you get for free
260 _aNew York
260 _bAtlantic Monthly Press
260 _c2002
300 _a296 p
650 _aMcGirr, Michael, 1961---Travel--Europe. McGirr, Michael, 1961- Jesuits--Australia--Biography. Europe--Description and travel.
942 _cBK
999 _c36551
_d36551